| 000 | 00916cab a22002775a 4500 | ||
|---|---|---|---|
| 001 | L159952 | ||
| 008 | 150113e2017 xxk 000 0 eng d | ||
| 035 | _a(Sirsi) u159952 | ||
| 041 | 0 | _aeng | |
| 050 | _a690.241 $2 18 | ||
| 050 | _a698.2 $2 18 | ||
| 100 | 1 | _aBrown, Adam | |
| 245 | 0 | 0 |
_aBreathing space _h[electronic resource] |
| 260 |
_aLondon _bRICS _c2017 |
||
| 490 |
_aRICS Building Surveying Journal _vMarch - April 2017, 31-33(3) |
||
| 520 | _aExplains the different types of breathable paints and evaluates their usefulness as a long-term response to damp. | ||
| 650 | 2 | 4 | _aPAINT |
| 650 | 2 | 4 | _aCOATINGS |
| 650 | 2 | 4 | _aLIMEWASHES |
| 650 | 2 | 4 | _aWATER PERMEABILITY |
| 650 | 2 | 4 | _aDAMP |
| 651 | 4 |
_aUnited Kingdom _y |
|
| 690 | _aBUILT ENVIRONMENT-BUILDING PATHOLOGY | ||
| 856 | 4 | 0 |
_uhttps://issuu.com/ricsmodus/docs/building_surveying_journal_march_ap _yAvailable free online via Issuu |
| 942 | _n0 | ||
| 999 |
_c85076 _d85076 |
||